000 00317nam a22001457a 4500
003 SGT
020 _a9781733989633
082 _a808.23
_bCAL
100 _aCALHOUN GEOFFREY D
245 _aTHE GUIDE FOR EVERY SCREENWRITER
260 _a VSA
_c2019
_bFLOR PUB.
300 _a117
650 _aBJMC
942 _2ddc
_cBK
999 _c32128
_d32128